000 00288nam a22001337a 4500
008 260216b ||||| |||| 00| 0 eng d
020 _a2.1
041 _ashqip
080 _a2.1
100 _a20
101 _amedia
245 _aGazetaria Hulumtuese
_cMusa Sabedini
942 _2lcc
_cBK
999 _c60798
_d60798